000 01550cam a2200265 i 4500
001 18104687
005 20251027192019.0
008 140402s2015 pau b 001 0 eng
020 _a9781451185614
_qalk. paper
050 0 0 _aRT41
_b.T396 2015
082 0 0 _a610.73
_223
100 1 _aTaylor, Carol
_q(Carol R.),
_eauthor.
245 1 0 _aFundamentals of nursing :
_bthe art and science of person-centered nursing care /
_cCarol Taylor, PhD, MSN, RN, Professor of Nursing, Georgetown University School of Nursing and Health Studies, Washington, DC, Carol Lillis, MSN, RN, Faculty Emerita, Delaware County Community College, Media, Pennsylvania, Pamela Lynn, MSN, RN, Instructor, Gwynedd Mercy University, Frances M. Maguire School of Nursing and Health Professions, Gwynedd Valley, Pennsylvania, Priscilla LeMone, DSN, RN, FAAN, Associate Professor Emerita, University of Missouri Sinclair School of Nursing, Columbia, Missouri, Adjunct Associate Professor, The Ohio State University College of Nursing, Columbus, Ohio.
250 _aEighth edition.
260 _aPhiladelphia
_bWolters Kluwer
_c2015
300 _axxxii, 1784 pages :
_billustrations (chiefly color) ;
_c28 cm
500 _aPreceded by Fundamentals of nursing / Carol R. Taylor ... [et al.]. 7th ed. c2011.
650 1 2 _aNursing Care.
650 2 2 _aNursing Process.
650 2 2 _aPatient-Centered Care.
700 1 _aLillis, Carol,
_eauthor.
700 1 _aLynn, Pamela
_q(Pamela Barbara),
_d1961-
_eauthor.
700 1 _aLeMone, Priscilla,
_eauthor.
942 _2lcc
_cBK
_e8th ed.
_n0
999 _c7828
_d7828